[Event "Tournoi des Commanditaires"]
[Site "Gatineau CAN"]
[Date "2014.03.18"]
[Round "4"]
[White "Legault, Stephane"]
[Black "Guimond, Michel"]
[Result "0-1"]
[WhiteElo "1525"]
[BlackElo "1906"]
[PlyCount "96"]
[EventDate "2014.02.25"]
[EventType "swiss"]
[EventRounds "4"]
[EventCountry "CAN"]

1. e4 e6 2. d4 d5 3. exd5 exd5 4. Nf3 Bd6 5. Nc3 c6 6. h3 Qe7+ 7. Be3 f5 8. g3
f4 9. gxf4 Bxf4 10. Qd2 Bxe3 11. fxe3 Nf6 12. O-O-O Bf5 13. Rg1 Nbd7 14. Nh4
Be4 15. Qf2 O-O-O 16. Bg2 Rhf8 17. Nf5 Bxf5 18. Qxf5 Qxe3+ 19. Kb1 Ne4 20. Nxd5
cxd5 21. Qxd5 Ndf6 22. Qe6+ Rd7 23. Qc4+ Rc7 24. Qb4 Re8 25. Rge1 Qf2 26. Bxe4
Nxe4 27. c4 Rce7 28. Ka1 Qc2 29. Rc1 Qd2 30. Qxd2 Nxd2 31. Red1 Nf3 32. d5 Re1
33. b3 Rxd1 34. Rxd1 Re1 35. Rxe1 Nxe1 36. Kb2 g5 37. Kc3 Nf3 38. Kd3 Ng1 39.
Ke4 Nxh3 40. Kf3 h5 41. b4 g4+ 42. Kg3 Ng5 43. c5 Kd7 44. a4 a6 45. Kf4 Nf7 46.
b5 a5 47. b6 Nd8 48. Kg3 Nc6 0-1

[Event "Tournoi des Commanditaires"]
[Site "Gatineau CAN"]
[Date "2014.03.18"]
[Round "4"]
[White "Lemieux, Denis"]
[Black "Raymond, Daniel"]
[Result "0-1"]
[WhiteElo "1570"]
[BlackElo "1599"]
[PlyCount "72"]
[EventDate "2014.02.25"]
[EventType "swiss"]
[EventRounds "4"]
[EventCountry "CAN"]

1. d4 d5 2. c4 e6 3. Nc3 Nf6 4. Nf3 Be7 5. e3 Nbd7 6. Be2 O-O 7. O-O dxc4 8.
Bxc4 Nb6 9. Bb3 c5 10. dxc5 Bxc5 11. Qxd8 Rxd8 12. Na4 Nxa4 13. Bxa4 a6 14. Bc2
b5 15. Bd2 Bb7 16. Rfd1 Bb6 17. Bc3 Ne4 18. Bd4 Bxd4 19. Nxd4 Rd7 20. f3 Nd6
21. b3 Rc8 22. f4 Rdc7 23. Re1 Rxc2 24. Nxc2 Rxc2 25. Red1 Bd5 26. Rac1 Rxg2+
27. Kf1 Rxh2 28. f5 Rh1+ 29. Ke2 Rxd1 30. Rxd1 Ne4 31. Rc1 h5 32. fxe6 Bxe6 33.
Rc6 a5 34. Ra6 a4 35. bxa4 bxa4 36. Rxa4 Nc3+ 0-1

[Event "Tournoi des Commanditaires"]
[Site "Gatineau CAN"]
[Date "2014.03.18"]
[Round "4"]
[White "Leon, Carlos Antonio"]
[Black "Gagnon, Fabien"]
[Result "0-1"]
[WhiteElo "1711"]
[BlackElo "1944"]
[PlyCount "52"]
[EventDate "2014.02.25"]
[EventType "swiss"]
[EventRounds "4"]
[EventCountry "CAN"]

1. c4 e5 2. g3 Nf6 3. Bg2 d5 4. cxd5 Nxd5 5. Nc3 Nb6 6. Nf3 Nc6 7. O-O Be6 8.
d3 f6 9. Bd2 Qd7 10. a3 O-O-O 11. b4 g5 12. Ne4 Be7 13. Be3 h5 14. h4 gxh4 15.
Nxh4 Bh3 16. Nc5 Bxc5 17. bxc5 Nd5 18. Bd2 Bxg2 19. Kxg2 Rdg8 20. Rb1 Qg4 21.
Qb3 Nf4+ 22. Bxf4 exf4 23. Qxb7+ Kd7 24. Rh1 Qxe2 25. Qb2 Rxg3+ 26. Kh2 Qg4 0-1

[Event "Tournoi des Commanditaires"]
[Site "Gatineau CAN"]
[Date "2014.03.18"]
[Round "4"]
[White "Piche, Guy"]
[Black "Danilov, Alex"]
[Result "0-1"]
[WhiteElo "1707"]
[BlackElo "1843"]
[PlyCount "54"]
[EventDate "2014.02.25"]
[EventType "swiss"]
[EventRounds "4"]
[EventCountry "CAN"]

1. d4 Nf6 2. c4 e6 3. Nc3 Bb4 4. Bd2 O-O 5. Nf3 c5 6. e3 cxd4 7. exd4 d5 8. Be2
dxc4 9. Bxc4 Qc7 10. Bb3 Nc6 11. Rc1 Rd8 12. Ne2 Qa5 13. Bxb4 Qxb4+ 14. Kf1 Bd7
15. Qe1 Rac8 16. Rc4 Qxe1+ 17. Kxe1 Na5 18. Rxc8 Rxc8 19. Bd1 Nc4 20. b3 Nb2
21. Nd2 Nd3+ 22. Kf1 Ng4 23. Ne4 f5 24. h3 fxe4 25. hxg4 Rf8 26. Nc3 Nxf2 27.
Rh4 Nxd1+ 0-1

[Event "Tournoi des Commanditaires"]
[Site "Gatineau CAN"]
[Date "2014.03.18"]
[Round "4"]
[White "Pouliot, Francois"]
[Black "Danis, Jacques"]
[Result "0-1"]
[WhiteElo "1138"]
[BlackElo "1528"]
[PlyCount "68"]
[EventDate "2014.02.25"]
[EventType "swiss"]
[EventRounds "4"]
[EventCountry "CAN"]

1. c4 e5 2. Nc3 Nf6 3. Nf3 Nc6 4. g3 Bc5 5. e3 Qe7 6. Bg2 O-O 7. O-O a6 8. a3
d6 9. Rb1 Bf5 10. d3 a5 11. Re1 e4 12. Nh4 Bg4 13. f3 exf3 14. Bxf3 Bxf3 15.
Nxf3 Rfe8 16. d4 Ba7 17. Nb5 Ne4 18. b4 Bb8 19. Qd3 Nd8 20. d5 c6 21. Nc3 Nxc3
22. Qxc3 cxd5 23. cxd5 Qe4 24. Bb2 f6 25. Kf2 Qxd5 26. Rbd1 axb4 27. axb4 Qc6
28. Qxc6 Nxc6 29. Bc3 Bc7 30. e4 Ra3 31. Rc1 Bb6+ 32. Kf1 Rb3 33. Bd2 Rxf3+ 34.
Kg2 Rf2+ 0-1

[Event "Tournoi des Commanditaires"]
[Site "Gatineau CAN"]
[Date "2014.03.18"]
[Round "4"]
[White "Scantland, Patrick"]
[Black "Rose, Richard"]
[Result "0-1"]
[WhiteElo "1798"]
[BlackElo "1908"]
[PlyCount "62"]
[EventDate "2014.02.25"]
[EventType "swiss"]
[EventRounds "4"]
[EventCountry "CAN"]

1. Nf3 c5 2. c4 Nc6 3. Nc3 g6 4. g3 Bg7 5. Bg2 Nf6 6. O-O O-O 7. e3 d6 8. d4
cxd4 9. exd4 d5 10. c5 Ne4 11. Re1 f5 12. a3 e5 13. Nxe5 Nxe5 14. dxe5 Nxc3 15.
bxc3 Be6 16. f4 Qa5 17. Qd4 Rfd8 18. Qb4 Qc7 19. Be3 Bf8 20. Rab1 Rd7 21. Rb2
b6 22. cxb6 axb6 23. Qxb6 Kf7 24. Qxc7 Rxc7 25. Rb3 Rxa3 26. Reb1 Rxc3 27. Rxa3
Rxa3 28. Rb7+ Kg8 29. Kf2 Ra2+ 30. Kg1 d4 31. Rb6 Ra1+ 0-1

[Event "Tournoi des Commanditaires"]
[Site "Gatineau CAN"]
[Date "2014.03.18"]
[Round "4"]
[White "Seguin, Hubert"]
[Black "Lessard, Alex"]
[Result "1-0"]
[WhiteElo "1593"]
[BlackElo "1523"]
[PlyCount "71"]
[EventDate "2014.02.25"]
[EventType "swiss"]
[EventRounds "4"]
[EventCountry "CAN"]

1. e4 c6 2. d4 d5 3. Nc3 dxe4 4. Nxe4 Bf5 5. Ng3 Bg6 6. Nf3 Nd7 7. Bc4 e6 8.
O-O Ngf6 9. Bg5 Qc7 10. Re1 Be7 11. Qd2 O-O-O 12. Bb3 Rhe8 13. Bf4 Bd6 14. Bxd6
Qxd6 15. Rad1 Qc7 16. c3 h6 17. Bc2 Bxc2 18. Qxc2 g5 19. Ne5 Nxe5 20. dxe5 Nd5
21. Nh5 f5 22. exf6 Qf7 23. Ng7 Qxf6 24. Nxe8 Rxe8 25. Rd2 h5 26. a3 h4 27.
Rde2 h3 28. g3 Nf4 29. gxf4 gxf4 30. f3 Qg5+ 31. Kh1 Rg8 32. Qe4 Rg6 33. Qd4 b6
34. Rg1 Qb5 35. Rd2 Rxg1+ 36. Qxg1 1-0

[Event "Tournoi des Commanditaires U1600"]
[Site "Gatineau CAN"]
[Date "2014.02.25"]
[Round "1"]
[White "Legare, Gilles"]
[Black "Simard, Paul"]
[Result "1-0"]
[WhiteElo "1107"]
[BlackElo "1245"]
[PlyCount "155"]
[EventDate "2014.02.25"]
[EventType "swiss"]
[EventRounds "4"]
[EventCountry "CAN"]

1. e4 e5 2. Nf3 Nc6 3. Nc3 Nf6 4. Bc4 Bc5 5. Nxe5 Nxe5 6. d4 Nxc4 7. dxc5 O-O
8. b3 Ne5 9. Bg5 h6 10. Bxf6 Qxf6 11. Nd5 Qd8 12. O-O c6 13. Nf4 b6 14. Qd6 Re8
15. Nh5 Qg5 16. Ng3 Re6 17. Qd4 Rf6 18. cxb6 a5 19. f4 Rxf4 20. Qd6 Qf6 21. Qc7
Rxf1+ 22. Rxf1 Qe6 23. b7 Bxb7 24. Qxb7 Re8 25. Qc7 Ng4 26. Qf4 d5 27. exd5
cxd5 28. h3 Qb6+ 29. Kh1 Nf6 30. Nh5 Re6 31. Qf5 Qd4 32. Nxf6+ Rxf6 33. Qc8+
Kh7 34. Rxf6 Qxf6 35. a4 Qb2 36. Qf5+ Kg8 37. Qd3 d4 38. Kh2 g5 39. Kg3 Qc1 40.
Qf5 Qe1+ 41. Kh2 Kg7 42. Qg4 Qe5+ 43. Qg3 f6 44. h4 Qxg3+ 45. Kxg3 f5 46. hxg5
hxg5 47. Kf3 Kf6 48. g4 f4 49. Ke4 Ke6 50. Kxd4 f3 51. Ke3 Kd5 52. Kxf3 Kd4 53.
Ke2 Kc3 54. Kd1 Kb2 55. Kd2 Ka3 56. Kc3 Ka2 57. Kc4 Kb2 58. c3 Ka3 59. Kb5 Kxb3
60. c4 Kc3 61. c5 Kd4 62. c6 Ke4 63. c7 Kf4 64. c8=Q Kg3 65. Qf5 Kh4 66. Qc5
Kxg4 67. Kxa5 Kh4 68. Kb5 g4 69. Qd4 Kh3 70. Qh8+ Kg3 71. a5 Kf3 72. a6 g3 73.
Qf8+ Kg4 74. a7 g2 75. Qb4+ Kf3 76. a8=Q+ Kf2 77. Qa2+ Kf1 78. Qbb1# 1-0

[Event "Tournoi des Commanditaires U1600"]
[Site "Gatineau CAN"]
[Date "2014.02.25"]
[Round "1"]
[White "Poirier, Alexis"]
[Black "Traversy, Pierre"]
[Result "1-0"]
[WhiteElo "1349"]
[BlackElo "1175"]
[PlyCount "79"]
[EventDate "2014.02.25"]
[EventType "swiss"]
[EventRounds "4"]
[EventCountry "CAN"]

1. e4 e5 2. Nf3 Nc6 3. Bb5 d6 4. d4 Bg4 5. d5 a6 6. Bxc6+ bxc6 7. dxc6 Nf6 8.
Nc3 Be7 9. h3 Bxf3 10. Qxf3 Rb8 11. Nd5 Nxd5 12. exd5 Bg5 13. b3 Bxc1 14. Rxc1
O-O 15. O-O f5 16. c4 a5 17. Qc3 Ra8 18. c5 Qf6 19. Rfe1 Rfd8 20. cxd6 Qxd6 21.
Rxe5 Rf8 22. Rce1 Qf6 23. Qc4 Kh8 24. Re7 Rfc8 25. R1e6 Qa1+ 26. Kh2 Qxa2 27.
Qc3 Rg8 28. Rxc7 Rac8 29. Ree7 Rxc7 30. Rxc7 Qxf2 31. d6 Qf4+ 32. Qg3 Qd4 33.
d7 f4 34. Qg5 Qd6 35. Rc8 f3+ 36. Qg3 Qf6 37. Rxg8+ Kxg8 38. Qb8+ Kf7 39. d8=Q
f2 40. Qxf6+ 1-0

[Event "Tournoi des Commanditaires U1600"]
[Site "Gatineau CAN"]
[Date "2014.03.04"]
[Round "2"]
[White "Simard, Paul"]
[Black "Carabineanu, Marcel"]
[Result "0-1"]
[WhiteElo "1245"]
[BlackElo "1214"]
[PlyCount "40"]
[EventDate "2014.02.25"]
[EventType "swiss"]
[EventRounds "4"]
[EventCountry "CAN"]

1. e4 e6 2. Nf3 Nc6 3. d4 d5 4. e5 f6 5. exf6 Nxf6 6. Nc3 e5 7. Nxe5 Qe7 8. Bb5
Bd7 9. O-O O-O-O 10. Re1 Nxe5 11. Rxe5 Qf7 12. Qf3 Bg4 13. Qd3 Bd6 14. Re1 Qh5
15. g3 Qh3 16. Bf4 Bxf4 17. gxf4 Bf3 18. Qf5+ Qxf5 19. Bf1 Qg4+ 20. Bg2 Qxg2#
0-1

[Event "Tournoi des Commanditaires U1600"]
[Site "Gatineau CAN"]
[Date "2014.03.04"]
[Round "2"]
[White "Traversy, Pierre"]
[Black "Poirier, Damien"]
[Result "1-0"]
[WhiteElo "1175"]
[BlackElo "1077"]
[PlyCount "83"]
[EventDate "2014.02.25"]
[EventType "swiss"]
[EventRounds "4"]
[EventCountry "CAN"]

1. e4 e5 2. Nc3 Nc6 3. Nf3 d6 4. d4 Bg4 5. dxe5 dxe5 6. Be2 Nd4 7. O-O Qf6 8.
Nxd4 Bd7 9. Nf3 Bd6 10. Bc4 Qg6 11. Ng5 Qf6 12. Nxf7 Be6 13. Bxe6 Qxe6 14. Nxh8
O-O-O 15. h3 Rf8 16. Qg4 Qxg4 17. hxg4 Be7 18. Nd5 Bd6 19. Be3 b6 20. f4 Ne7
21. fxe5 Rxh8 22. exd6 cxd6 23. Nxe7+ Kd7 24. Nd5 Re8 25. Rf7+ Ke6 26. Rxg7 Ke5
27. Re7+ Rxe7 28. Nxe7 Kxe4 29. Re1 d5 30. Bxb6+ Kf4 31. Bxa7 d4 32. Bxd4 Kxg4
33. Rf1 h5 34. Kh2 h4 35. Rf3 h3 36. Rxh3 Kf4 37. Re3 Kg5 38. Kg3 Kh5 39. Re5+
Kh6 40. Kg4 Kg7 41. Rf5+ Kh6 42. Rh5# 1-0

[Event "Tournoi des Commanditaires U1600"]
[Site "Gatineau CAN"]
[Date "2014.03.11"]
[Round "3"]
[White "Lamour, Sophie-Anne"]
[Black "Pouliot, Francois"]
[Result "0-1"]
[WhiteElo "1144"]
[BlackElo "1138"]
[PlyCount "82"]
[EventDate "2014.02.25"]
[EventType "swiss"]
[EventRounds "4"]
[EventCountry "CAN"]

1. d4 Nf6 2. c4 e6 3. Nc3 b6 4. e4 Bb7 5. Bd3 Bb4 6. Bd2 Bxc3 7. e5 Bxd2+ 8.
Qxd2 Bxg2 9. exf6 Qxf6 10. Ne2 Bxh1 11. O-O-O Bf3 12. Rf1 Nc6 13. Qe1 Nxd4 14.
Nxd4 Qxd4 15. Be2 Bxe2 16. Qxe2 Qf4+ 17. Kb1 Qxh2 18. Qe4 c6 19. f4 O-O 20. Rh1
d5 21. Qf3 Qd2 22. Rd1 Qa5 23. cxd5 exd5 24. Qh3 Rae8 25. Qh4 Re4 26. Qf2 Rfe8
27. Qd2 Qxd2 28. Rxd2 Re1+ 29. Kc2 R8e2 30. b4 Rxd2+ 31. Kxd2 Re4 32. f5 Rf4
33. Kc3 Rxf5 34. a4 h5 35. a5 b5 36. Kd4 Kf8 37. Kc5 Rf6 38. a6 Ke8 39. Kd4 Re6
40. Kc5 h4 41. Kd4 h3 0-1

[Event "Tournoi des Commanditaires U1600"]
[Site "Gatineau CAN"]
[Date "2014.03.11"]
[Round "3"]
[White "Legare, Gilles"]
[Black "Traversy, Pierre"]
[Result "0-1"]
[WhiteElo "1107"]
[BlackElo "1175"]
[PlyCount "90"]
[EventDate "2014.02.25"]
[EventType "swiss"]
[EventRounds "4"]
[EventCountry "CAN"]

1. e4 c5 2. Nf3 Nc6 3. Nc3 e6 4. d4 cxd4 5. Nxd4 g6 6. Nf3 Bg7 7. Be3 a6 8. Bd3
Nge7 9. O-O d5 10. Ne2 d4 11. Bd2 O-O 12. c3 e5 13. Bg5 Qc7 14. Rc1 Qd7 15.
cxd4 Nxd4 16. Nexd4 exd4 17. Bxe7 Qxe7 18. Nxd4 Bxd4 19. Rb1 b5 20. Qf3 Bb7 21.
Kh1 Rac8 22. Qg3 Rc5 23. f4 Rfc8 24. f5 Be5 25. Qg4 Bxb2 26. h4 Rc1 27. h5
Rxf1+ 28. Rxf1 Rc1 29. hxg6 Rxf1+ 30. Bxf1 hxg6 31. Bd3 g5 32. Qh5 Qf6 33. Qd1
Bd4 34. Qh5 Qg7 35. g3 Qh8 36. g4 Qxh5+ 37. gxh5 Kg7 38. Kg2 Kh6 39. a4 bxa4
40. Kf3 a3 41. Bc4 Kxh5 42. Bxf7+ Kh6 43. Bc4 a5 44. Bb3 Kg7 45. Ke2 Bxe4 0-1

[Event "Tournoi des Commanditaires U1600"]
[Site "Gatineau CAN"]
[Date "2014.03.11"]
[Round "3"]
[White "Poirier, Alexis"]
[Black "Carabineanu, Marcel"]
[Result "1-0"]
[WhiteElo "1349"]
[BlackElo "1214"]
[PlyCount "57"]
[EventDate "2014.02.25"]
[EventType "swiss"]
[EventRounds "4"]
[EventCountry "CAN"]

1. e4 e6 2. d4 b6 3. Bd3 Bb7 4. Nf3 Nf6 5. Qe2 Be7 6. Nc3 d6 7. Bd2 Nc6 8. a3
Qd7 9. O-O O-O-O 10. Ba6 d5 11. e5 Ne8 12. b4 f5 13. Ng5 Bxg5 14. Bxg5 Ne7 15.
Bxb7+ Kxb7 16. b5 h6 17. Bd2 g5 18. a4 Nc8 19. Ra3 g4 20. Rfa1 Kb8 21. a5 h5
22. Bg5 h4 23. Bxd8 Qxd8 24. Qd2 Ng7 25. Ne2 Nh5 26. Qc3 f4 27. Qc6 Ne7 28.
Qxe6 g3 29. axb6 1-0

[Event "Tournoi des Commanditaires U1600"]
[Site "Gatineau CAN"]
[Date "2014.03.11"]
[Round "3"]
[White "Poirier, Damien"]
[Black "Simard, Paul"]
[Result "1-0"]
[WhiteElo "1077"]
[BlackElo "1245"]
[PlyCount "53"]
[EventDate "2014.02.25"]
[EventType "swiss"]
[EventRounds "4"]
[EventCountry "CAN"]

1. d4 d5 2. Nf3 Nc6 3. e3 Nf6 4. Nc3 e6 5. Bb5 Bd7 6. Qe2 Bb4 7. O-O O-O 8. a3
Ba5 9. b4 Bb6 10. Ng5 e5 11. Qd3 e4 12. Qe2 a5 13. Rb1 h6 14. f3 hxg5 15. Bb2
axb4 16. axb4 Nxb4 17. f4 gxf4 18. exf4 Bxd4+ 19. Kh1 c6 20. Ba4 b5 21. Bb3 c5
22. Qe1 Nxc2 23. Bxc2 b4 24. Nxd5 Bxb2 25. Rxb2 Nxd5 26. Qxe4 Bc6 27. Qh7# 1-0

[Event "Tournoi des Commanditaires U1600"]
[Site "Gatineau CAN"]
[Date "2014.03.18"]
[Round "4"]
[White "Carabineanu, Marcel"]
[Black "Traversy, Pierre"]
[Result "1-0"]
[WhiteElo "1214"]
[BlackElo "1175"]
[PlyCount "83"]
[EventDate "2014.02.25"]
[EventType "swiss"]
[EventRounds "4"]
[EventCountry "CAN"]

1. Nf3 d5 2. d4 Nc6 3. Bf4 Nf6 4. Nc3 a6 5. e3 Bg4 6. Be2 Nb4 7. a3 Nc6 8. Ne5
Bxe2 9. Qxe2 e6 10. Nxc6 bxc6 11. O-O c5 12. Be5 cxd4 13. exd4 Be7 14. Qf3 O-O
15. b4 c6 16. Ne2 Ne8 17. Ng3 f6 18. Bf4 Bd6 19. Rfe1 Qd7 20. Re3 Bxf4 21. Qxf4
Qc7 22. Qg4 f5 23. Qh3 Rf6 24. Nf1 Rh6 25. Qf3 Qd6 26. Rae1 Ra7 27. Re5 Re7 28.
Ng3 Nf6 29. Nxf5 Qd7 30. Nxh6+ Kf8 31. Ng4 Qe8 32. Nxf6 gxf6 33. Qxf6+ Qf7 34.
Qh8+ Qg8 35. Qxg8+ Kxg8 36. Rxe6 Rc7 37. Re8+ Kf7 38. Ra8 Rb7 39. Rxa6 Rc7 40.
c3 h5 41. a4 h4 42. h3 1-0

[Event "Tournoi des Commanditaires U1600"]
[Site "Gatineau CAN"]
[Date "2014.03.18"]
[Round "4"]
[White "Raymond, Robert"]
[Black "Poirier, Alexis"]
[Result "0-1"]
[WhiteElo "1310"]
[BlackElo "1349"]
[PlyCount "84"]
[EventDate "2014.02.25"]
[EventType "swiss"]
[EventRounds "4"]
[EventCountry "CAN"]

1. e4 c5 2. Nc3 g6 3. d3 Bg7 4. g3 Nc6 5. Bg2 e6 6. Nge2 Nge7 7. f4 d5 8. O-O
a6 9. a3 b5 10. Rb1 Bb7 11. Kh1 Qd7 12. Na2 Rd8 13. b4 cxb4 14. Nxb4 Nxb4 15.
axb4 dxe4 16. Bb2 Bxb2 17. Rxb2 exd3 18. Qxd3 Bxg2+ 19. Kxg2 Qb7+ 20. Qf3 Qxf3+
21. Kxf3 f5 22. Ra1 Rd6 23. Rba2 Rc6 24. c3 Kf7 25. Rxa6 Rhc8 26. Rxc6 Nxc6 27.
Rd1 Ke7 28. Nd4 Nxd4+ 29. cxd4 Rc4 30. Ke3 Rxb4 31. Rd2 Kd6 32. Ra2 Kd5 33. Rd2
Rb3+ 34. Rd3 Rxd3+ 35. Kxd3 b4 36. Kc2 Kxd4 37. Kb3 Ke3 38. Kxb4 Kf3 39. Kc5
Kg2 40. Kd6 Kxh2 41. Kxe6 Kxg3 42. Ke5 h5 0-1

[Event "Tournoi des Commanditaires U1600"]
[Site "Gatineau CAN"]
[Date "2014.03.18"]
[Round "4"]
[White "Simard, Paul"]
[Black "Pilon, Robert"]
[Result "1/2-1/2"]
[WhiteElo "1245"]
[BlackElo "1421"]
[PlyCount "82"]
[EventDate "2014.02.25"]
[EventType "swiss"]
[EventRounds "4"]
[EventCountry "CAN"]

1. e4 e6 2. d4 d5 3. e5 c5 4. Nf3 Nc6 5. c3 Qb6 6. Na3 cxd4 7. cxd4 Bb4+ 8. Bd2
Qa5 9. Nc2 Bxd2+ 10. Qxd2 Qb6 11. Qd1 Nge7 12. Bd3 O-O 13. O-O Nf5 14. a3 Kh8
15. b4 Ncxd4 16. Ncxd4 Nxd4 17. Nxd4 Qxd4 18. Bb5 a6 19. Qxd4 axb5 20. Rfc1 Bd7
21. Rc7 Bc6 22. g4 Rad8 23. Qf4 f6 24. exf6 Rxf6 25. Qg5 Bd7 26. Rac1 h6 27.
Qe5 Bc6 28. Qd4 Re8 29. Qc3 e5 30. Qh3 Rg6 31. Qh5 Kh7 32. Qf5 d4 33. Rc8 Rxc8
34. Qxc8 Bf3 35. h3 h5 36. Kh2 hxg4 37. Kg3 e4 38. Qf5 gxh3+ 39. Kh2 d3 40. Qd5
Rf6 41. Rc8 Kg6 1/2-1/2

[Event "Varennes"]
[Site "Varennes CAN"]
[Date "2014.11.07"]
[Round "1"]
[White "Chabot, Roland"]
[Black "Gauthier, Denis"]
[Result "0-1"]
[WhiteElo "2191"]
[BlackElo "1914"]
[PlyCount "88"]
[EventDate "2014.11.07"]
[EventType "swiss"]
[EventRounds "5"]
[EventCountry "CAN"]

1. c4 e5 2. g3 Nc6 3. Bg2 f5 4. Nc3 Nf6 5. d3 Bb4 6. Bd2 O-O 7. Nd5 Nxd5 8.
cxd5 Bxd2+ 9. Qxd2 Ne7 10. e4 d6 11. Ne2 Ng6 12. exf5 Bxf5 13. Nc3 h6 14. h3
Qf6 15. O-O Rae8 16. Ne4 Qf7 17. Qa5 a6 18. Rac1 Re7 19. Qb4 Bc8 20. Rc2 Kh8
21. Qb3 b6 22. a4 Bb7 23. Nc3 Qf6 24. Qc4 Ref7 25. Na2 Rd7 26. Nb4 a5 27. Na2
Ne7 28. Qb5 Rfd8 29. Rfc1 Nf5 30. Rxc7 Nd4 31. Qxb6 Ne2+ 32. Kh2 Nxc1 33. Nxc1
Rxc7 34. Qxc7 Rc8 35. Qxb7 Rxc1 36. Qa8+ Kh7 37. Qa7 h5 38. h4 Rc2 39. Be4+ Kg8
40. Qa8+ Kf7 41. Qa7+ Qe7 42. Qxa5 Rxf2+ 43. Kg1 Rxb2 44. Qa8 Qc7 0-1

[Event "Varennes"]
[Site "Varennes CAN"]
[Date "2014.11.07"]
[Round "1"]
[White "Fan, Run Kun"]
[Black "Ouellet, Maili-Jade"]
[Result "0-1"]
[WhiteElo "1770"]
[BlackElo "2001"]
[PlyCount "192"]
[EventDate "2014.11.07"]
[EventType "swiss"]
[EventRounds "5"]
[EventCountry "CAN"]

1. d4 d5 2. c4 e6 3. Nf3 Nf6 4. Nc3 Be7 5. e3 O-O 6. Be2 Nbd7 7. O-O Re8 8.
cxd5 exd5 9. Rb1 a5 10. a3 c6 11. b4 axb4 12. axb4 Nf8 13. Qc2 Ne6 14. Bd2 g6
15. Rfc1 Ng7 16. b5 Bf5 17. Bd3 Ba3 18. Re1 c5 19. dxc5 Bxc5 20. Bxf5 Nxf5 21.
Ne2 Rc8 22. Qb2 Ne4 23. Bb4 Nh4 24. Nxh4 Qxh4 25. g3 Qe7 26. Bxc5 Rxc5 27. Nd4
Rec8 28. Rbc1 Rc4 29. Rxc4 dxc4 30. Ra1 Qe5 31. Ra7 Nd6 32. Ra1 h5 33. Rb1 Ne4
34. Nf3 Qf5 35. Nd4 Qd5 36. Qc2 Kg7 37. f3 Nf6 38. Qc3 h4 39. Kg2 Kg8 40. Rd1
Re8 41. e4 Qh5 42. Qxc4 Nxe4 43. Re1 hxg3 44. hxg3 Nf6 45. Rxe8+ Nxe8 46. Qb4
Qe5 47. Kf2 Nd6 48. Kg2 Qd5 49. Kf2 Nc4 50. Qc3 Ne5 51. Kg2 Kh7 52. Kh2 Qa2+
53. Kg1 Qb1+ 54. Kg2 Nd3 55. Qd2 Ne5 56. Qe2 Nd3 57. Qd2 Qb2 58. Qxb2 Nxb2 59.
Kf2 Kg7 60. Nb3 Nc4 61. Ke2 Nd6 62. Nd4 Kf6 63. f4 Ke7 64. Kd3 Kd7 65. g4 Kc7
66. Kc3 Ne4+ 67. Kc4 Nf2 68. g5 Nh3 69. Ne2 Kd6 70. Kd4 Nf2 71. Ng3 Nh3 72. Ne2
b6 73. Kc4 Nf2 74. Ng3 Nd1 75. Kd4 Ke6 76. Ne4 Nb2 77. Ng3 Na4 78. Kc4 Nc5 79.
Kd4 Nd7 80. Ke4 f6 81. Kd4 fxg5 82. fxg5 Ne5 83. Ne4 Nf7 84. Kc4 Ke5 85. Kd3
Kd5 86. Nf6+ Kc5 87. Nd7+ Kxb5 88. Nf8 Nh8 89. Ke4 Kc4 90. Ne6 b5 91. Nd4 b4
92. Nc2 b3 93. Na3+ Kb4 94. Nb1 Nf7 95. Kf4 b2 96. Kg4 Kb3 0-1

[Event "Varennes"]
[Site "Varennes CAN"]
[Date "2014.11.07"]
[Round "1"]
[White "Giroux, Robert"]
[Black "Masse, Hugues"]
[Result "1-0"]
[WhiteElo "1960"]
[BlackElo "2316"]
[PlyCount "101"]
[EventDate "2014.11.07"]
[EventType "swiss"]
[EventRounds "5"]
[EventCountry "CAN"]

1. d4 Nf6 2. c4 g6 3. g3 Bg7 4. Bg2 O-O 5. Nc3 d6 6. Nf3 Nc6 7. O-O Bf5 8. Ne1
Bd7 9. Nc2 a6 10. h3 Qc8 11. Kh2 Na5 12. Qd3 c5 13. a4 Nb3 14. Nd5 Nxc1 15.
Nxe7+ Kh8 16. Rfxc1 Qc7 17. Nd5 Nxd5 18. Bxd5 f5 19. e3 g5 20. f4 Bf6 21. Rf1
Rae8 22. e4 gxf4 23. gxf4 fxe4 24. Bxe4 Re7 25. Ne3 Be6 26. d5 Bd7 27. Nf5 Ref7
28. Nh6 Rg7 29. Ra2 Qd8 30. b3 Bd4 31. Rg2 Rxg2+ 32. Kxg2 Qf6 33. Ng4 Rg8 34.
Qg3 Qe7 35. Re1 h5 36. Bg6 Qxe1 37. Qxe1 Rxg6 38. Qe7 Rg7 39. Qd8+ Kh7 40. Kf1
hxg4 41. Qh4+ Kg8 42. Qd8+ Kh7 43. Qh4+ Kg6 44. hxg4 Kf7 45. Qh5+ Ke7 46. Qh4+
Bf6 47. g5 Bd4 48. b4 Bf5 49. bxc5 Bxc5 50. g6+ Ke8 51. Qh8+ 1-0

[Event "Varennes"]
[Site "Varennes CAN"]
[Date "2014.11.07"]
[Round "1"]
[White "Gunapalan, David"]
[Black "Libersan, Thierry"]
[Result "0-1"]
[WhiteElo "1900"]
[BlackElo "2182"]
[PlyCount "44"]
[EventDate "2014.11.07"]
[EventType "swiss"]
[EventRounds "5"]
[EventCountry "CAN"]

1. e4 c5 2. Nc3 Nc6 3. Bb5 e6 4. Bxc6 bxc6 5. f4 d5 6. d3 d4 7. Nce2 Nf6 8. Nf3
a5 9. O-O a4 10. c4 dxc3 11. Nxc3 Ba6 12. Ne5 a3 13. Kh1 Bd6 14. Nxf7 Kxf7 15.
e5 Be7 16. f5 Qxd3 17. fxe6+ Kxe6 18. Qxd3 Bxd3 19. Rf3 Ng4 20. Bf4 axb2 21.
Re1 c4 22. Rg3 Bb4 0-1

[Event "Varennes"]
[Site "Varennes CAN"]
[Date "2014.11.07"]
[Round "1"]
[White "Hirschberg, Valerian"]
[Black "Forget, Luc"]
[Result "1-0"]
[WhiteElo "2332"]
[BlackElo "1962"]
[PlyCount "51"]
[EventDate "2014.11.07"]
[EventType "swiss"]
[EventRounds "5"]
[EventCountry "CAN"]

1. Nf3 Nf6 2. c4 c5 3. g3 d5 4. cxd5 Nxd5 5. Bg2 Nc6 6. Nc3 Nc7 7. O-O e5 8. a3
Be7 9. b4 O-O 10. b5 Nd4 11. Nxe5 Bf6 12. Nd3 Ndxb5 13. Nxc5 Nxc3 14. dxc3 Qxd1
15. Rxd1 Bxc3 16. Rb1 Ne6 17. Be3 Bf6 18. Nxb7 Bxb7 19. Bxb7 Rad8 20. Bxa7 Bd4
21. Bxd4 Nxd4 22. e3 Ne2+ 23. Kf1 Nc3 24. Rxd8 Rxd8 25. Rc1 Na4 26. Rc8 1-0

[Event "Varennes"]
[Site "Varennes CAN"]
[Date "2014.11.07"]
[Round "1"]
[White "Le Duin, Thierry"]
[Black "Saha, Ananda"]
[Result "1/2-1/2"]
[WhiteElo "2041"]
[BlackElo "1803"]
[PlyCount "122"]
[EventDate "2014.11.07"]
[EventType "swiss"]
[EventRounds "5"]
[EventCountry "CAN"]

1. d4 d5 2. Nf3 Nf6 3. c3 Bf5 4. Qb3 Qc8 5. Bg5 Nbd7 6. Nh4 Bxb1 7. Rxb1 h6 8.
Be3 e6 9. Nf3 Bd6 10. g3 O-O 11. Bg2 c6 12. Bf4 Bxf4 13. gxf4 Qc7 14. e3 Ne4
15. Ne5 Nxe5 16. fxe5 Qe7 17. Bxe4 dxe4 18. O-O f6 19. Qc2 fxe5 20. Qxe4 exd4
21. cxd4 Qg5+ 22. Kh1 Qd5 23. Qxd5 exd5 24. b4 a6 25. a4 Rf6 26. b5 axb5 27.
axb5 Ra2 28. bxc6 bxc6 29. Rb8+ Kh7 30. Rc8 Re2 31. Kg2 Rg6+ 32. Kf3 Rc2 33.
Rc7 Rf6+ 34. Kg2 h5 35. Re7 Kh6 36. Re5 Rg6+ 37. Kh1 Rf6 38. f4 Rg6 39. Rg1
Rxg1+ 40. Kxg1 g6 41. Re7 Rc3 42. Kf2 Rc2+ 43. Kg3 Rc4 44. Kh4 c5 45. dxc5 g5+
46. Kg3 gxf4+ 47. exf4 Rxc5 48. Re6+ Kg7 49. Kh4 Kf7 50. Rh6 Rc2 51. h3 d4 52.
Rd6 Rd2 53. Kxh5 Ke7 54. Rd5 Ke6 55. Re5+ Kf6 56. h4 d3 57. Kg4 Rd1 58. Kf3 d2
59. Ke2 Re1+ 60. Kxd2 Rxe5 61. fxe5+ Kxe5 1/2-1/2